Zwycięzcy Eurowizji (część 2.) - Statystyki

Ogólne statystyki
  • Ten quiz został rozwiązany 76 razy
  • Średni wynik to 20 z 23
Statystyki odpowiedzi
Rok Państwo % Poprawnych
1977 Francja
93%
1978 Izrael
91%
1979 Izrael
91%
1980 Irlandia
90%
1992 Irlandia
90%
1993 Irlandia
90%
1994 Irlandia
90%
1987 Irlandia
88%
1998 Izrael
88%
1999 Szwecja
88%
1990 Włochy
88%
1989 Jugosławia
86%
1995 Norwegia
86%
1991 Szwecja
86%
1997 Wielka Brytania
86%
1986 Belgia
84%
1996 Irlandia
84%
1983 Luksemburg
84%
1982 Niemcy
84%
1985 Norwegia
84%
1988 Szwajcaria
84%
1984 Szwecja
84%
1981 Wielka Brytania
79%
Nie znaleziono quizów pasujących do podanych kryteriów
Rozkład punktacji
Procent ludzi z każdym wynikiem
Percentyl według liczby udzielonych odpowiedzi
Twoja historia wyników
Nie rozwiązałeś tego quizu